000 00570nam a2200133Ia 4500
008 171207s9999 xx 000 0 und d
100 _aBerninger, Virginia
245 _aRelationships of Attention and Executive Functions to Oral Language, Reading, and Writing Skills and Systems in Middle Childhood and Early Adolescence
245 _cVirginia Berninger, Robert Abbott, Clayton R. Cook, William Nagy
260 _c2017
300 _apages 434-449, July/August 2017
440 _aJournal of Learning Disabilities
_v50:4
650 _aEXECUTIVE FUNCTION, ACADEMIC SKILL
999 _c347561
_d347561